Missing Word: Not-Quite-Presidential-Movies Quiz Stats

Quiz Updated May 9, 2016

Challenge
Share
Tweet
Embed
Score 0/20 Timer 04:00
1 Play Today
movie President % Correct
Mr. Smith goes to ___________WASHINGTON
94.1%
The Bridges of ________ CountyMADISON
79.4%
The _______ ShowTRUMAN
79.3%
The Life and Times of Grizzly _______ADAMS
76.1%
Charlie ______'s WarWILSON
73.7%
Coach __________CARTER
72.1%
The ________ LawyerLINCOLN
66.3%
Percy ________ & the Olympians: The Lightning ThiefJACKSON
61.7%
Drillbit ______TAYLOR
50.1%
________: A Tail of Two KittiesGARFIELD
42.1%
movie President % Correct
Mildred _______PIERCE
39.7%
Jeremiah _______JOHNSON
37.5%
The Adventures of _____ FairlaneFORD
34%
_______ 2: On the RocksARTHUR
31%
Toby _____, or Ten Weeks with a CircusTYLER
11.5%
_________ BergeronHARRISON
10.4%
_____ ChristmasBUSH
8.7%
_______ and NadineCLINTON
8.3%
Eddie ______MONROE
6.3%
The Last Days of Edgar _______HARDING
4%

Today's Daily Dose

Missing Word
Law Misconceptions

Word Ladder
Easy Math

On This Day
January 20th

You're not logged in!

Compare scores with friends on all Sporcle quizzes.
Sign Up with Email
OR
Log In

You Might Also Like...

Show Comments

Extras

Top Quizzes Today


Score Distribution

Your Account Isn't Verified!

In order to create a playlist on Sporcle, you need to verify the email address you used during registration. Go to your Sporcle Settings to finish the process.